| 000 | 00564nam a22001697a 4500 | ||
|---|---|---|---|
| 005 | 20251108164104.0 | ||
| 008 | 250721s1984 xx 000 0 ara d | ||
| 082 | 1 | 4 | _a300.1/رمز |
| 100 | 1 | _aرمزي، عبد القادر هاشم | |
| 245 | 1 | 0 | _aالنظرية الإسلامية في فلسفة الدراسات الإجتماعية التربوية / |
| 264 | 1 |
_aالدوحة : _bدار الثقافة، _c1984. |
|
| 650 | 1 | 7 | _aالعلوم الإجتماعية |
| 650 | 1 | 7 | _aالفلسفة |
| 650 | 1 | 7 | _aالإسلام |
| 942 |
_2ddc _cBK |
||
| 999 |
_c3311 _d3311 |
||